000 00837nam0a22002651 4500
001 rc\3284401
005 20250609203817.0
021 _aRU
_b[74-81884]
035 _a(NLR Aleph) 007493597
090 _a7637889
_c7637889
100 _a20130115d1974 |||y0rusy50 ca
101 0 _arus
102 _aRU
105 _aa z |||a|
200 1 _aВ самом пекле
_eСталингр. повесть
_f[Ил.: Л.С. Кассис]
210 _aМосква
_cВоениздат
_d1974
215 _a229 с.
_cил.
_d21
606 _aСталинградская битва 1942-1943 гг. (х. л.)
_2psbo
700 1 _aЧекин
_bВ.А.
_gВасилий Артемьевич
702 1 _aКассис
_bЛ.С.
_4440
801 0 _aRU
_bNLR
_gpsbo
801 1 _aRU
_bELAR
_2rusmarc
852 _aNLR
_j74-3/4041
942 _cBOOK
980 _aNB